000
00208 a2200097 4500
001
15008
100
_a
Mckie R
245
_a
Malaysia in focus
260
_a
London
_b
Angus Robertson
_c
090
_c
11763
_d
11763
942
_a
NUST-CAE
_c
M
_c
1962
999
_c
250081
_d
250081